00362nam a2200145Ia 4500008004100000020001500041041001200056082001100068100001600079245004300095260003600138300000800174650001600182700001800198221030s9999 xx 000 0 und d a8131501531 aEnglish a105.23 aV. K. Ingle 0aDigital Signal Processing Using MATLAB bThomson LearningaBostonc2007 a418 aBE Computer aJ. G. Proakis